00489nam a2200193 a 4500001001300000003000900013005001700022008004100039020001000080082001600090100002500106245002300131260003300154300000900187500003500196505001700231650002200248700002500270nice12345678IN_TiNIC20260116012126.0050524s1961 dela grp 000 0 urd  ac10000a297.63bRAH aRahmani, Abdus Samad aPaighambar-E-Aalam aDelhibDeni Book Depotc1961 a592p aincludes index and biblioraphy2 abibliography aMuhammad, Prophet1 aRahmani, Abdus Samad